[Event "6Ã¨me LUC open"]
[Site "Lille"]
[Date "2015-05-05"]
[Round "2.28"]
[White "ALLEMAND, Christian"]
[Black "MADDENS, Martijn"]
[Result "0-1"]
[WhiteElo "1779"]
[BlackElo "2095"]

1. e4 Nf6 2. Nc3 e5 3. g3 Bc5 4. Bg2 Nc6 5. Nge2 d6 6. Na4 Be6 7. Nxc5 dxc5 8.
d3 Qd7 9. Be3 b6 10. h3 Ng8 11. f4 f6 12. Qd2 O-O-O 13. b3 Nge7 14. a4 a5 15.
Nc3 Nb4 16. fxe5 fxe5 17. O-O-O Nec6 18. Nb5 Nd4 19. Nxd4 cxd4 20. Bg5 Rde8 21.
g4 Na2+ 22. Kb2 Nc3 23. Ra1 b5 24. axb5 Qxb5 25. Ra3 Kd7 26. Qe1 Rb8 27. Bd2 a4
28. Bxc3 axb3 29. cxb3 Bxb3 30. Bb4 Ba4 31. Ka2 Qxb4 32. Qxb4 Rxb4 33. Rb1 Rhb8
34. Rxb4 Rxb4 35. Ka1 Bc2 36. Ka2 Rb1 37. Bf3 g5 38. Be2 Re1 39. Bf3 Rf1 40.
Kb2 Rxf3 41. Kxc2 Rxh3 42. Ra5 Kd6 43. Rd5+ Ke6 44. Rd8 h5 45. Rg8 Rh2+ 46. Kb3
hxg4 47. Rxg5 Rd2 48. Kc4 Rc2+ 49. Kb4 Rc3 50. Rxg4 Rxd3 51. Rg6+ Kf7 52. Rc6
Re3 53. Rxc7+ Kf6 54. Rc6+ Kg5 55. Kc4 Rc3+ 0-1

*

[Event "6Ã¨me LUC open"]
[Site "Lille"]
[Date "2015-05-05"]
[Round "2.29"]
[White "GRIGORIAN, Roudolph"]
[Black "HENNE, Jean-Louis"]
[Result "1-0"]
[WhiteElo "2093"]
[BlackElo "1780"]

1. e4 d6 2. d4 Nf6 3. Nc3 c6 4. f4 Qa5 5. Bd3 e5 6. Nf3 exd4 7. Nxd4 g6 8. Nb3
Qc7 9. O-O Bg7 10. h3 O-O 11. Be3 b5 12. a4 b4 13. Na2 c5 14. Nd2 Bb7 15. c3
bxc3 16. bxc3 a6 17. Nc4 Re8 18. Bc2 Nxe4 19. Bxe4 Bxe4 20. Nxd6 Bxg2 21. Nxe8
Qc6 22. Nxg7 1-0

*

[Event "6Ã¨me LUC open"]
[Site "Lille"]
[Date "2015-05-05"]
[Round "2.30"]
[White "DEKETELAERE, Francky"]
[Black "BECUWE, Olivier"]
[Result "0-1"]
[WhiteElo "1762"]
[BlackElo "2083"]

1. d4 Nf6 2. Nf3 g6 3. e3 Bg7 4. Be2 c5 5. O-O cxd4 6. exd4 O-O 7. c4 d5 8. b3
Ne4 9. Bb2 Nd7 10. Nc3 Ndf6 11. Nd2 Ng5 12. Nf3 Ne6 13. c5 Ne4 14. b4 Nf4 15.
Nxe4 dxe4 16. Ne1 Bxd4 17. Qc2 Bxb2 18. Qxb2 Qd4 19. Rb1 Be6 20. Kh1 Qxb2 21.
Rxb2 Nxe2 0-1

*

[Event "6Ã¨me LUC open"]
[Site "Lille"]
[Date "2015-05-05"]
[Round "2.31"]
[White "DUMAS, Victor"]
[Black "DECLERCQ, Jean"]
[Result "1-0"]
[WhiteElo "2066"]
[BlackElo "1763"]

1. e4 c6 2. d4 d5 3. exd5 cxd5 4. c4 Nf6 5. Nc3 Be6 6. c5 g6 7. Nf3 Bg7 8. Bf4
Nc6 9. Bb5 Ne4 10. Bxc6+ bxc6 11. Qa4 Nxc3 12. bxc3 Qd7 13. O-O Bf5 14. Rfe1
O-O 15. Re3 Qb7 16. Qb3 Qd7 17. a4 h6 18. a5 g5 19. Bg3 a6 20. Ra2 Ra7 21. Rb2
Qc8 22. Qa3 Ra8 23. Rb6 Bd7 24. Rxe7 Bf6 25. Re1 Bd8 26. Rb2 Bc7 27. Bd6 Bxd6
28. cxd6 c5 29. Qb3 Qc6 30. Qb6 Rac8 31. Ne5 Rfe8 32. Ra1 Qxb6 33. axb6 1-0

*

[Event "6Ã¨me LUC open"]
[Site "Lille"]
[Date "2015-05-05"]
[Round "2.32"]
[White "VERSCHRAEGEN, Thomas"]
[Black "FAURE, StÃ©phane"]
[Result "1-0"]
[WhiteElo "1752"]
[BlackElo "2063"]

1. e4 e6 2. Nc3 d5 3. Nf3 dxe4 4. Nxe4 Nd7 5. d4 Ngf6 6. Bd3 Be7 7. O-O c5 8.
Nxc5 Nxc5 9. dxc5 Bxc5 10. Bg5 Qb6 11. b3 Nd5 12. Qe2 f6 13. Bd2 Bd7 14. a3 Qc7
15. Bb5 O-O 16. Bxd7 Qxd7 17. c4 Nc7 18. b4 Be7 19. Rfd1 e5 20. Bc3 Qe6 21. Nd2
Rad8 22. Qe4 Qc6 23. Qxc6 bxc6 24. Nb3 Na6 25. Na5 Nb8 26. Kf1 Kf7 27. Ke2 Ke6
28. Bd2 Rd7 29. Be3 Bd6 30. Rd2 Rff7 31. Rad1 Bc7 32. Bxa7 Rxd2+ 33. Rxd2 Bxa5
34. Bxb8 Rb7 35. Bd6 Bb6 36. c5 Ba7 37. Bf8 Kf7 38. Rd8 Rb8 39. Rd7+ Ke6 40.
Re7+ Kd5 41. Bxg7 Bxc5 42. bxc5 Rb2+ 43. Kf3 Rb3+ 44. Kg4 h5+ 45. Kxh5 Ke4 46.
Bxf6 1-0

*

[Event "6Ã¨me LUC open"]
[Site "Lille"]
[Date "2015-05-05"]
[Round "2.33"]
[White "Noordhoek, Henk"]
[Black "CHAIGNET, Lucas"]
[Result "1-0"]
[WhiteElo "2026"]
[BlackElo "1758"]

1. e4 e5 2. Nf3 Nc6 3. Bc4 Nf6 4. Ng5 d5 5. exd5 Nd4 6. c3 b5 7. Bf1 Nxd5 8.
cxd4 Qxg5 9. Bxb5+ Kd8 10. Qf3 Bb7 11. O-O Rb8 12. d3 Qg6 13. Qg3 exd4 14. Qxg6
hxg6 15. Bc4 Bd6 16. h3 f6 17. Re1 Re8 18. Rxe8+ Kxe8 19. Nd2 Nb6 20. Bb3 Kd7
21. Nc4 Nxc4 22. Bxc4 Re8 23. Kf1 g5 24. Bd2 Bc6 25. b3 Rb8 26. Rc1 Bb5 27.
Bxb5+ Rxb5 28. Ke2 Rc5 29. Rxc5 Bxc5 30. Kf3 Ke6 31. Ba5 Bd6 32. g4 g6 33. Ke4
Be5 34. Bb4 f5+ 35. Kf3 Bd6 36. Bd2 Kf6 37. Bc1 Bb4 38. Bb2 Ke5 39. Ke2 Bc5 40.
Bc1 Kf6 41. Bd2 Bd6 42. Be1 Ke5 43. f3 Kf6 44. Bf2 Be5 45. b4 Ke6 46. Be1 Bf6
47. Bd2 Bd8 48. Kd1 Kd5 49. Kc2 f4 50. b5 Be7 51. Kb3 Bd6 52. Bb4 Bc5 53. Bxc5
Kxc5 54. a4 1-0

*

[Event "6Ã¨me LUC open"]
[Site "Lille"]
[Date "2015-05-05"]
[Round "2.34"]
[White "BAUDE, Christian"]
[Black "SOBRY, Sebastien"]
[Result "1-0"]
[WhiteElo "1735"]
[BlackElo "2033"]

1. d4 d5 2. Nf3 Nf6 3. g3 g6 4. Bg2 Bg7 5. O-O O-O 6. Nbd2 Nbd7 7. c4 c6 8. b4
a5 9. b5 dxc4 10. bxc6 bxc6 11. Nxc4 Nd5 12. Bd2 c5 13. e3 Ba6 14. Bxa5 Qc8 15.
Nfd2 cxd4 16. Bxd5 dxe3 17. Rc1 exf2+ 18. Kg2 Bb7 19. Nf3 Bxd5 20. Qxd5 Nf6 21.
Qb5 Qe6 22. Rxf2 Rfb8 23. Bb6 Nd5 24. Ng5 Rxb6 25. Nxb6 Ne3+ 26. Kg1 Qg4 27.
Nxa8 h5 28. Qe8+ 1-0

*

[Event "6Ã¨me LUC open"]
[Site "Lille"]
[Date "2015-05-05"]
[Round "2.35"]
[White "REAL, Thibault"]
[Black "BILLOT, Daniel"]
[Result "1-0"]
[WhiteElo "2026"]
[BlackElo "1745"]

1. e4 d5 2. exd5 Qxd5 3. Nc3 Qd6 4. d4 Nf6 5. Nf3 a6 6. a4 Nc6 7. Be2 Bf5 8.
Be3 e6 9. O-O Be7 10. Qd2 O-O 11. Bf4 Qd7 12. Rad1 Bb4 13. Qc1 Ba5 14. Ne5 Nxe5
15. dxe5 Nd5 16. Nxd5 exd5 17. c3 c6 18. Be3 Qe6 19. f4 Bd8 20. Bd4 Be7 21. Qe3
Rfc8 22. Qf2 Qg6 23. Bf3 b5 24. a5 b4 25. Kh1 bxc3 26. Bxc3 Rab8 27. Qe2 Bc2
28. Rd2 Bb3 29. f5 Qg5 30. f6 Bc4 31. Qd1 Bb4 32. Rff2 Bxc3 33. bxc3 Qxe5 34.
Bg4 Qe4 35. Bf5 Qb1 36. Bxb1 1-0

*

[Event "6Ã¨me LUC open"]
[Site "Lille"]
[Date "2015-05-05"]
[Round "2.36"]
[White "COULON, Guillaume"]
[Black "WUHRMANN, Daniel"]
[Result "1/2-1/2"]
[WhiteElo "2020"]
[BlackElo "1723"]

1. e4 c5 2. Nf3 d6 3. c3 Nf6 4. Be2 Bg4 5. h3 Bxf3 6. Bxf3 Nc6 7. O-O e6 8. d4
Be7 9. Be3 O-O 10. Nd2 Rc8 11. a3 a6 12. g4 Nd7 13. Bg2 cxd4 14. cxd4 Bf6 15.
Nf3 g6 16. Qd3 Re8 17. Rfd1 Qe7 18. b4 b5 19. Nd2 e5 20. d5 Nd4 21. Rdc1 Nb6
22. f4 Qd7 23. fxe5 dxe5 24. Bxd4 exd4 25. Nb3 Rc3 26. Rxc3 dxc3 27. Nc5 Qd6
28. Ra2 Nc4 29. Kh1 Be5 30. Nb3 Qf6 31. Qf3 Qd8 1/2-1/2

*

[Event "6Ã¨me LUC open"]
[Site "Lille"]
[Date "2015-05-05"]
[Round "2.37"]
[White "SZURHAJ, William"]
[Black "INOUSS, Badr"]
[Result "0-1"]
[WhiteElo "1693"]
[BlackElo "2000"]

1. e4 c5 2. Nc3 e6 3. f4 d5 4. exd5 exd5 5. Bb5+ Nc6 6. Qe2+ Be7 7. Nf3 Nf6 8.
Ne5 Bd7 9. Bxc6 bxc6 10. Qa6 Qc7 11. Qe2 O-O 12. d3 Rfe8 13. O-O Bd6 14. Qf2
Ng4 15. Nxg4 Bxg4 16. h3 Bd7 17. Bd2 Rab8 18. b3 Be7 19. Rae1 Qd6 20. Kh1 Bf6
21. Rxe8+ Rxe8 22. Re1 Re6 23. Rxe6 fxe6 24. a4 Bd4 25. Qh4 Qf8 26. Ne2 Bf6 27.
Qf2 Be7 28. Nc3 Bd6 29. Ne2 h6 30. h4 Be8 31. Qf3 Qf6 32. Qg4 Be7 33. g3 Qa1+
34. Kh2 Qd1 35. Qxe6+ Bf7 36. Qe3 d4 37. Qxe7 Qxd2 38. Kh3 Qxc2 39. f5 Qxd3 40.
Qe5 Qf3 41. Nf4 Qh1+ 42. Kg4 h5+ 43. Kg5 Qf3 44. Nxh5 Bxh5 45. Qf4 Qxf4+ 46.
Kxf4 Bd1 0-1

*

[Event "6Ã¨me LUC open"]
[Site "Lille"]
[Date "2015-05-05"]
[Round "2.38"]
[White "CADERON, Michel"]
[Black "LEBRET, Loriane"]
[Result "1-0"]
[WhiteElo "1999"]
[BlackElo "1690"]

1. e4 g6 2. d4 Bg7 3. Nc3 c6 4. f4 d5 5. e5 Nh6 6. Nf3 Bg4 7. Be3 O-O 8. h3
Bxf3 9. Qxf3 f6 10. exf6 Bxf6 11. O-O-O e5 12. fxe5 Bxe5 13. Qe2 Bg7 14. g4 Nd7
15. Kb1 b5 16. Bxh6 Bxh6 17. Qe6+ Kh8 18. Qxc6 b4 19. Nxd5 a5 20. Bb5 Nf6 21.
Nxf6 Rxf6 22. Qg2 Rc8 23. Rhe1 Qf8 24. Re2 Rb6 25. Ba4 Bg7 26. g5 Rbb8 27. Qe4
Rd8 28. d5 Bc3 29. bxc3 bxc3+ 30. Bb3 Qa3 31. Qe5+ Kg8 32. Qe6+ Kh8 33. Qf6+
Kg8 34. Qxc3 a4 35. Qb2 Qc5 36. Qd4 Qa3 37. d6+ axb3 38. cxb3 Ra8 39. d7 Qa6
40. Qd5+ Kf8 41. Rf2+ Kg7 42. Rf7+ 1-0

*

[Event "6Ã¨me LUC open"]
[Site "Lille"]
[Date "2015-05-05"]
[Round "2.39"]
[White "HIRSCHMANN, Georges"]
[Black "SILVERT, Alexandre"]
[Result "0-1"]
[WhiteElo "1687"]
[BlackElo "1997"]

1. d4 e6 2. c4 d5 3. Nc3 Nf6 4. e3 Be7 5. Nf3 O-O 6. Bd3 dxc4 7. Bxc4 a6 8. a4
c5 9. O-O Nc6 10. dxc5 Qa5 11. Qe2 Qxc5 12. Rd1 Ne5 13. Nxe5 Qxe5 14. Bd2 b6
15. Be1 Bb7 16. Rac1 Bc5 17. h3 Qg5 18. Qf1 Qh4 19. Be2 g5 20. Bf3 Bxf3 21.
gxf3 h5 22. Qg2 Kh7 23. Bd2 Rad8 24. Ne2 Qxa4 25. Bc3 0-1

*

[Event "6Ã¨me LUC open"]
[Site "Lille"]
[Date "2015-05-05"]
[Round "2.40"]
[White "DROGOU, Gerard"]
[Black "BRELOT, Loic"]
[Result "1-0"]
[WhiteElo "1980"]
[BlackElo "1679"]

1. d4 e6 2. Nf3 Nf6 3. e3 b6 4. Bd3 Bb7 5. O-O Be7 6. c4 O-O 7. Nc3 d5 8. b3
Ne4 9. Ne2 Nd7 10. Bb2 f5 11. Rc1 Bd6 12. Ne5 Nxe5 13. dxe5 Bc5 14. Nd4 Qe8 15.
Nb5 Qf7 16. cxd5 Bxd5 17. Qe2 a5 18. f3 Ng5 19. h4 Nxf3+ 20. gxf3 Rac8 21. Bd4
Bxd4 22. exd4 Qg6+ 23. Qg2 Qf7 24. Nc3 Bb7 25. Ne2 Rfd8 26. Bc4 Bd5 27. Bxd5
Rxd5 28. Rc6 Qe7 29. Rfc1 Rd7 30. Qg5 1-0

*

[Event "6Ã¨me LUC open"]
[Site "Lille"]
[Date "2015-05-05"]
[Round "2.41"]
[White "GONZALEZ, Arnaud"]
[Black "BLOEM, Mark"]
[Result "0-1"]
[WhiteElo "1667"]
[BlackElo "1978"]

1. c4 e5 2. Nc3 c6 3. Nf3 Qc7 4. d4 d6 5. e4 Nf6 6. Bg5 Be7 7. Qd2 h6 8. Bh4
Bg4 9. Bg3 Nbd7 10. Be2 O-O-O 11. O-O Nh5 12. d5 Nxg3 13. hxg3 Rdf8 14. dxc6
bxc6 15. Nh4 Bxe2 16. Qxe2 Bxh4 17. gxh4 Nc5 18. b4 Ne6 19. b5 Nd4 20. Qd3 f5
21. Ne2 Nxe2+ 22. Qxe2 fxe4 23. g3 Rf3 24. Qxe4 Rhf8 25. Rac1 Qb6 26. c5 dxc5
27. Qxe5 c4 28. Rxc4 Rxf2 29. Rxc6+ Qxc6 30. bxc6 Rxf1+ 31. Kg2 R1f6 32. Qe7
R8f7 33. Qe8+ Kc7 34. Qa8 Kb6 35. Qe8 h5 36. a4 Rf1 37. a5+ Kc7 38. Qd7+ Rxd7
39. cxd7 Rd1 0-1

*

[Event "6Ã¨me LUC open"]
[Site "Lille"]
[Date "2015-05-05"]
[Round "2.42"]
[White "STAS, Arnould"]
[Black "BELE, Charles"]
[Result "1-0"]
[WhiteElo "1967"]
[BlackElo "1666"]

1. e4 e6 2. d4 d5 3. Nc3 Nf6 4. e5 Nfd7 5. f4 c5 6. Nf3 Nc6 7. Be3 a6 8. Qd2 b5
9. dxc5 Bxc5 10. O-O-O Qb6 11. Nd4 Nxd4 12. Bxd4 O-O 13. h4 Bxd4 14. Qxd4 Qxd4
15. Rxd4 f6 16. exf6 Nxf6 17. g3 Bd7 18. Bg2 Ra7 19. Re1 Kf7 20. Rd2 g6 21. Ne2
Re8 22. Nd4 Bc8 23. Nf3 Rae7 24. Ne5+ Kf8 25. Bf3 Nd7 26. Rh2 Nxe5 27. Rxe5 Kg7
28. Be2 Rf8 29. Bd3 h5 30. Kd2 Bb7 31. Ke3 Kf6 32. Kd4 Rc8 33. Rg5 Rg7 34. Re2
Rcc7 35. Rg2 Bc8 36. g4 hxg4 37. R2xg4 Ke7 38. Rxg6 e5+ 39. fxe5 Rxg6 40. Rxg6
1-0

*

[Event "6Ã¨me LUC open"]
[Site "Lille"]
[Date "2015-05-05"]
[Round "2.43"]
[White "DUEE, Paul"]
[Black "ROSENAUER, Horst"]
[Result "0-1"]
[WhiteElo "1650"]
[BlackElo "1966"]

1. d4 Nf6 2. c4 e6 3. Nc3 Bb4 4. Bg5 h6 5. Bxf6 Qxf6 6. a3 Bxc3+ 7. bxc3 O-O 8.
Nf3 c5 9. e4 d6 10. e5 dxe5 11. Nxe5 Rd8 12. Nf3 Nc6 13. Ra2 Na5 14. Be2 b6 15.
O-O Ba6 16. Ne5 Rac8 17. f4 cxd4 18. cxd4 Bxc4 19. Rd2 Bd5 20. Bg4 Nc4 21. Nxc4
Rxc4 22. f5 Qg5 23. fxe6 Qe3+ 24. Kh1 Bxe6 25. Bxe6 Qxe6 26. d5 Qd6 27. Qf3 Rc7
28. Qh5 Qxa3 29. Rdf2 Rdd7 30. Re2 Rc8 31. Ref2 Rf8 32. Rf3 Qd6 33. Rg3 Re7 34.
Qg4 f5 35. Qd4 Qe5 36. Qh4 Rf6 37. Rd3 Qe4 38. Qh3 Rd6 39. Qf3 Qxf3 40. Rdxf3
Rxd5 0-1

*

[Event "6Ã¨me LUC open"]
[Site "Lille"]
[Date "2015-05-05"]
[Round "2.44"]
[White "LABADIE, Jean-Jacques"]
[Black "POIVRE, Alain"]
[Result "1-0"]
[WhiteElo "1958"]
[BlackElo "1627"]

1. d4 Nf6 2. c4 d5 3. cxd5 Nxd5 4. Nf3 Bg4 5. e4 Nb4 6. Qa4+ N8c6 7. d5 Bxf3 8.
dxc6 bxc6 9. gxf3 Rb8 10. Be3 e6 11. Nc3 Be7 12. Rd1 Qc8 13. a3 O-O 14. axb4
Rxb4 15. Qxc6 Rxb2 16. Ba6 Qb8 17. O-O Qb4 18. Rb1 Bd6 19. Rxb2 Qxb2 20. Rb1
Qc2 21. f4 f6 22. Bc4 Rd8 23. Bb3 1-0

*

[Event "6Ã¨me LUC open"]
[Site "Lille"]
[Date "2015-05-05"]
[Round "2.46"]
[White "LUI, Eric"]
[Black "DESBOIS, Jean-Marie"]
[Result "0-1"]
[WhiteElo "1947"]
[BlackElo "1609"]

1. Nf3 Nf6 2. g3 d6 3. d4 Nbd7 4. Bg2 c6 5. O-O e5 6. dxe5 dxe5 7. e4 Bc5 8.
Qe2 O-O 9. Nbd2 Qc7 10. Nb3 Bd6 11. Nh4 Re8 12. Nf5 Bf8 13. Bg5 a5 14. a4 b6
15. Rfd1 h6 16. Be3 Ba6 17. Qf3 Kh7 18. Bh3 Rad8 19. Rd2 Bc4 20. Rad1 Bxb3 21.
cxb3 Nc5 22. Bxc5 Bxc5 23. Nxh6 Kxh6 24. g4 Nh7 25. Rd7 Ng5 26. Qf5 g6 27. Qf6
Rxd7 0-1

*

[Event "6Ã¨me LUC open"]
[Site "Lille"]
[Date "2015-05-05"]
[Round "2.47"]
[White "MANET, Eric"]
[Black "LEMOINE, Jean-Pierre"]
[Result "1-0"]
[WhiteElo "1934"]
[BlackElo "1608"]

1. e4 e6 2. d4 d5 3. Nc3 Nf6 4. e5 Nfd7 5. f4 a6 6. Nf3 c5 7. Be3 Nc6 8. Qd2 b5
9. dxc5 b4 10. Na4 Qa5 11. Nb6 Nxb6 12. cxb6 Bc5 13. Bxc5 Qxc5 14. Bd3 a5 15.
Qe2 a4 16. Qf2 Qxf2+ 17. Kxf2 Ba6 18. Rhc1 Bc4 19. Ke3 Ke7 20. c3 b3 21. Bxc4
dxc4 22. axb3 axb3 23. Nd4 Kd7 24. Nb5 Ra2 25. Rd1+ Kc8 26. Nd6+ Kb8 27. Rxa2
bxa2 28. Ra1 f6 29. Nxc4 1-0

*

[Event "6Ã¨me LUC open"]
[Site "Lille"]
[Date "2015-05-05"]
[Round "2.48"]
[White "PRUVOST, Alain"]
[Black "TUPET, Guillaume"]
[Result "0-1"]
[WhiteElo "1587"]
[BlackElo "1931"]

1. b4 e5 2. b5 d5 3. Bb2 Bd6 4. c4 d4 5. e3 c5 6. exd4 exd4 7. Nf3 Nf6 8. Be2
O-O 9. O-O a6 10. a4 axb5 11. axb5 Rxa1 12. Bxa1 Qa5 13. Bb2 Bf5 14. d3 Nbd7
15. Nbd2 Nb6 16. Qb3 Qa8 17. Nh4 Be6 18. g3 Qc8 19. Bf3 Qc7 20. Ne4 Nxe4 21.
Bxe4 f5 22. Bg2 f4 23. Re1 Qd7 24. Bxb7 fxg3 25. fxg3 Qxb7 26. Rxe6 Qf7 0-1

*

[Event "6Ã¨me LUC open"]
[Site "Lille"]
[Date "2015-05-05"]
[Round "2.49"]
[White "LECLERCQ, Olivier"]
[Black "GRIFFON, Olivier"]
[Result "1-0"]
[WhiteElo "1545"]
[BlackElo "1907"]

1. e4 c5 2. c3 d5 3. exd5 Qxd5 4. Nf3 Nc6 5. Be2 Nf6 6. d3 e5 7. Bg5 Be7 8.
Nbd2 O-O 9. O-O Bf5 10. Nc4 Rad8 11. Ne3 Qd7 12. Nxf5 Qxf5 13. Qb3 b6 14. Rad1
h6 15. Bh4 g5 16. Bg3 Nh5 17. Nd2 Nf4 18. Bf3 Na5 19. Qc2 Qxd3 20. Qa4 Ne2+ 21.
Bxe2 Qxe2 22. Rfe1 Qh5 23. Bxe5 Qg6 24. Bc7 Rde8 25. b4 cxb4 26. cxb4 Nc6 27.
a3 Rc8 28. Bg3 Bd6 29. Bxd6 Qxd6 30. Ne4 Qf4 31. g3 Qc7 32. Qb3 Ne5 33. Qe3 Nc4
34. Qd4 Ne5 35. Nf6+ Kg7 36. Rxe5 1-0

*

[Event "6Ã¨me LUC open"]
[Site "Lille"]
[Date "2015-05-05"]
[Round "2.50"]
[White "COTTEGNIE, Francis"]
[Black "FLOU, Ronald"]
[Result "1-0"]
[WhiteElo "1904"]
[BlackElo "1603"]

1. d4 b6 2. Nf3 Nf6 3. Bf4 d6 4. h3 Bb7 5. Nbd2 Nbd7 6. e3 g6 7. Be2 Bg7 8. O-O
O-O 9. c3 c5 10. Re1 Re8 11. Bh2 e5 12. Nc4 Qc7 13. dxe5 dxe5 14. Nd6 Re6 15.
Nxb7 Qxb7 16. Bc4 Re7 17. Qb3 h6 18. Rad1 Rd8 19. Nh4 Kh7 20. Bxf7 Rf8 21.
Bxg6+ Kh8 22. Bf5 1-0

*

[Event "6Ã¨me LUC open"]
[Site "Lille"]
[Date "2015-05-05"]
[Round "2.51"]
[White "BLONDEL, Francis"]
[Black "VEKEMANS, Sylvain"]
[Result "0-1"]
[WhiteElo "1503"]
[BlackElo "1893"]

1. d4 Nf6 2. c4 e5 3. dxe5 Ng4 4. Nf3 Bc5 5. e3 Nc6 6. Nc3 Ngxe5 7. Nxe5 Nxe5
8. a3 a5 9. Be2 O-O 10. O-O Qh4 11. Nd5 Ra6 12. Bd2 Rh6 13. h3 d6 14. Nf4 Ng6
15. g3 Qg5 16. Bg4 f5 17. Nxg6 Qxg6 18. Bf3 f4 19. exf4 Qxg3+ 20. Bg2 Rxh3 0-1

*

[Event "6Ã¨me LUC open"]
[Site "Lille"]
[Date "2015-05-05"]
[Round "2.52"]
[White "JENNY, Gerald"]
[Black "CALONNE, Pascal"]
[Result "1-0"]
[WhiteElo "1882"]
[BlackElo "1554"]

1. d4 Nf6 2. c4 e6 3. Nc3 d5 4. cxd5 exd5 5. Bg5 c6 6. e3 Be7 7. Bd3 Nbd7 8.
Nge2 O-O 9. O-O Re8 10. Qc2 h6 11. Bh4 a6 12. f3 Bb4 13. Bf2 c5 14. a3 Bxc3 15.
bxc3 c4 16. Bf5 Nf8 17. Ng3 Bxf5 18. Nxf5 Ng6 19. Rab1 b5 20. a4 Rb8 21. Bg3
Rb6 22. e4 dxe4 23. fxe4 Rxe4 24. axb5 axb5 25. Nxh6+ gxh6 26. Rxf6 Ree6 27.
Rf5 Qe8 28. Qd2 Kg7 29. Rh5 Nf8 30. d5 Re2 31. Qd4+ Rf6 32. Be5 Nh7 33. Qg4+
Kf8 34. Qxe2 Rg6 35. Re1 Qd7 36. Bd4 Nf6 37. Re5 Qd6 38. Qf2 Kg8 39. Re8+ Kh7
40. R8e7 Kg8 41. Qf5 Qa6 42. R7e6 Qa2 43. g3 Qd2 44. Bxf6 fxe6 45. Qxg6+ Kf8
46. Qg7+ 1-0

*

[Event "6Ã¨me LUC open"]
[Site "Lille"]
[Date "2015-05-05"]
[Round "2.53"]
[White "CANARIO, Jonathan"]
[Black "DVORSAK, Hans"]
[Result "0-1"]
[WhiteElo "1421"]
[BlackElo "1878"]

1. e4 e5 2. Nf3 Nc6 3. d4 exd4 4. Nxd4 Bc5 5. Be3 Qf6 6. c3 Nge7 7. Be2 d5 8.
exd5 Nxd5 9. Bf3 Nxe3 10. Bxc6+ bxc6 11. fxe3 Qh4+ 12. g3 Qe4 13. Rf1 Qxe3+ 14.
Qe2 Bxd4 15. cxd4 Qxe2+ 16. Kxe2 Ba6+ 17. Kf2 Bxf1 18. Kxf1 O-O-O 19. Nc3 Rxd4
20. Re1 Kd7 21. Re2 Re8 22. Rf2 f6 23. h4 Rd3 24. h5 h6 25. Rg2 Rd4 26. Na4 0-1

*

[Event "6Ã¨me LUC open"]
[Site "Lille"]
[Date "2015-05-05"]
[Round "2.54"]
[White "WAMBERGUE, Maurice"]
[Black "BERTINCHAMP, Jean-Louis"]
[Result "1/2-1/2"]
[WhiteElo "1871"]
[BlackElo "1399"]

1. e4 e6 2. d4 d5 3. Nc3 Bb4 4. Qg4 Ne7 5. Qxg7 Rg8 6. Qxh7 c5 7. Bd2 cxd4 8.
Nb1 Qb6 9. exd5 e5 10. Qd3 Bxd2+ 11. Nxd2 Bf5 12. Qb5+ Qxb5 13. Bxb5+ Nd7 14.
Nc4 O-O-O 15. Nd6+ Kb8 16. Nxf7 Rdf8 17. Nh6 Rxg2 18. Nxf5 Rxf5 19. Bxd7 Rfxf2
20. Bh3 Rxh2 21. Rxh2 Rxh2 22. Be6 Rxc2 23. Nf3 d3 24. Rd1 e4 25. Nd4 Rxb2 26.
d6 Nc6 27. Nxc6+ bxc6 28. Rd2 Rb5 29. Kf2 e3+ 30. Kxe3 Re5+ 31. Kxd3 Rxe6
1/2-1/2

*

[Event "6Ã¨me LUC open"]
[Site "Lille"]
[Date "2015-05-05"]
[Round "2.55"]
[White "LEGRAND, Patrick"]
[Black "DESCATOIRE, Raymond"]
[Result "1-0"]
[WhiteElo "1863"]
[BlackElo "1012"]

1. e4 c5 2. Nc3 Nc6 3. f4 e5 4. fxe5 Nxe5 5. Nf3 d6 6. Bb5+ Bd7 7. O-O a6 8.
Nxe5 axb5 9. Nxf7 Qb6 10. Nd5 Qc6 11. Nxh8 O-O-O 12. Rxf8 Be8 13. Ne7+ 1-0

*

[Event "6Ã¨me LUC open"]
[Site "Lille"]
[Date "2015-05-05"]
[Round "2.56"]
[White "GUERIN, Bernard"]
[Black "SIMON, Fernand"]
[Result "1-0"]
[WhiteElo "1730"]
[BlackElo "1404"]

1. e4 c5 2. Nc3 Nc6 3. Bc4 g6 4. d3 Bg7 5. Nf3 e6 6. O-O Nge7 7. Re1 d6 8. a4
O-O 9. Bg5 Qb6 10. Bb3 Qc7 11. Qd2 Nd4 12. Nxd4 cxd4 13. Nb5 Qc5 14. Bxe7 Re8
15. Bxd6 Qc6 16. e5 Rd8 17. Nxd4 Qb6 18. Nf3 Bd7 19. h4 h5 20. Qf4 f5 21. exf6
Bf8 22. Bxf8 Rxf8 23. Ne5 Qd6 24. Qg5 Be8 25. Nxg6 Bxg6 26. Qxg6+ 1-0

*

[Event "6Ã¨me LUC open"]
[Site "Lille"]
[Date "2015-05-05"]
[Round "2.59"]
[White "RICOU, Guillaume"]
[Black "MOLLARD, Pascal"]
[Result "1-0"]
[WhiteElo "1460"]
[BlackElo "1823"]

1. e4 c5 2. c3 e6 3. d4 Nf6 4. Bg5 Be7 5. e5 Nd5 6. Bxe7 Qxe7 7. Nf3 Nc6 8. Be2
O-O 9. O-O f6 10. exf6 Rxf6 11. Nbd2 Nf4 12. Ne4 Rg6 13. Ng3 Nxe2+ 14. Qxe2 b6
15. Rfe1 Qf8 16. Rad1 d5 17. Ne5 Nxe5 18. Qxe5 Rf6 19. Re2 {Perte par sonnerie
de telephone} 1-0

*

[Event "6Ã¨me LUC open"]
[Site "Lille"]
[Date "2015-05-05"]
[Round "2.60"]
[White "VAN FOREEST, Machteld"]
[Black "DHUYVETTER, Frederik"]
[Result "0-1"]
[WhiteElo "1420"]
[BlackElo "1809"]

1. e4 c5 2. Nf3 Nc6 3. d4 cxd4 4. Nxd4 g6 5. Nc3 Bg7 6. Be3 Nf6 7. Be2 O-O 8.
Qd2 d5 9. exd5 Nxd5 10. Nxc6 bxc6 11. Bd4 Nxc3 12. Bxc3 Qxd2+ 13. Kxd2 Bh6+ 14.
Ke1 c5 15. Bf3 Rb8 16. Rd1 Bf5 17. Ke2 Bxc2 18. Rd7 Ba4 19. Rxa7 Bb5+ 20. Ke1
e5 21. Be2 e4 22. Bxb5 Rxb5 23. Re7 Bg7 24. Kd2 Bxc3+ 25. Kxc3 Rfb8 26. b3 Ra8
27. a4 Rb4 28. Re5 Rab8 29. Rb1 Rc8 30. Rxc5 Rxb3+ 31. Kxb3 Rxc5 32. Re1 f5 33.
Kb4 Rc2 34. Rf1 Kf7 35. a5 Ra2 36. Kb5 Ke7 37. g3 Kd7 38. Kb6 Kc8 39. Rc1+ Kb8
40. Rf1 Rb2+ 41. Ka6 g5 42. f4 g4 43. h3 gxh3 44. Rh1 h2 45. Rc1 e3 46. Rd1 Rd2
47. Rb1+ Kc8 48. Rc1+ Kd8 49. Kb7 Rb2+ 50. Kc6 e2 51. a6 Rc2+ 52. Rxc2 h1=Q+
53. Kb6 e1=Q 0-1

*

[Event "6Ã¨me LUC open"]
[Site "Lille"]
[Date "2015-05-05"]
[Round "2.61"]
[White "BOUDELLE, Gilles"]
[Black "DE WEIRD, Evy"]
[Result "0-1"]
[WhiteElo "1399"]
[BlackElo "1730"]

1. Nf3 c5 2. e3 g6 3. Nc3 Bg7 4. Bc4 Nf6 5. d4 cxd4 6. Qxd4 Nc6 7. Qf4 O-O 8.
Ng5 d5 9. Bd3 e5 10. Qh4 h6 11. Nf3 e4 12. Nd4 g5 13. Qg3 Nh5 14. Bxe4 Nxg3 15.
hxg3 dxe4 16. Nxe4 Nxd4 17. exd4 Qxd4 18. f3 Bf5 19. Nf2 Rfe8+ 20. Kf1 Rad8 21.
Kg1 Re1+ 22. Kh2 Rxh1+ 23. Kxh1 Qxf2 24. g4 Rd1+ 25. Kh2 Qh4# 0-1

*

[Event "6Ã¨me LUC open"]
[Site "Lille"]
[Date "2015-05-05"]
[Round "2.62"]
[White "DEVIENNE, Ghislain"]
[Black "NOLLET, Fabrice"]
[Result "0-1"]
[WhiteElo "1399"]
[BlackElo "1694"]

1. e3 e5 2. Bc4 d5 3. Bb3 Nf6 4. d4 e4 5. Nc3 c6 6. a3 Bd6 7. Bd2 O-O 8. Nh3
Bxh3 9. gxh3 Qd7 10. Qe2 Qxh3 11. O-O-O Nbd7 12. Rdf1 Qf3 13. Qxf3 exf3 14. h4
Ne4 15. Nxe4 dxe4 16. Rfg1 Nf6 17. Bc3 Nd5 18. Ba2 b5 19. h5 a5 20. Rg5 h6 21.
Rg4 b4 22. Bd2 bxa3 23. b3 Rfe8 24. Rhg1 Bf8 25. c4 Nf6 26. Rh4 a4 27. b4 Rab8
28. Kc2 Bxb4 29. Bxb4 Rxb4 30. Rb1 Reb8 31. Rhh1 Rxb1 32. Rxb1 Rxb1 33. Kxb1
Ng4 34. d5 c5 35. d6 Kf8 36. Kc1 Nxf2 37. Kd2 Nd3 38. Kd1 g5 39. hxg6 fxg6 40.
Bb1 Kf7 41. Kd2 Ke6 0-1

*

[Event "6Ã¨me LUC open"]
[Site "Lille"]
[Date "2015-05-05"]
[Round "2.63"]
[White "TOLINI, Gerard"]
[Black "SHVED, Vassili"]
[Result "0-1"]
[WhiteElo "1385"]
[BlackElo "1580"]

1. e4 c5 2. Nf3 d6 3. Bc4 e6 4. c3 Nc6 5. d3 b6 6. d4 cxd4 7. cxd4 b5 8. Bb3
Nf6 9. Bg5 Be7 10. Nc3 b4 11. e5 bxc3 12. bxc3 dxe5 13. dxe5 Qxd1+ 14. Rxd1 Ne4
15. Bd2 Nxd2 16. Nxd2 Nxe5 17. O-O O-O 18. Rfe1 Nd7 19. Ne4 Nc5 20. Bc2 Bb7 21.
Rd4 Nxe4 22. Bxe4 Bxe4 23. Rdxe4 Rfd8 24. f4 Rd2 25. f5 Bc5+ 26. Kf1 Rf2+ 27.
Kg1 Re2+ 28. Kf1 Rxe4 29. Rxe4 exf5 30. Re5 Bd6 31. Rxf5 Bxh2 32. Rf3 Rd8 33.
g3 Rd1+ 34. Kg2 Rd2+ 35. Rf2 Rxf2+ 36. Kxf2 f5 37. Kg2 Bxg3 38. Kxg3 g5 39. c4
Kf7 40. a4 Ke6 41. Kf3 h5 0-1

*

[Event "6Ã¨me LUC open"]
[Site "Lille"]
[Date "2015-05-05"]
[Round "2.64"]
[White "POISSONNIER, Jean-Louis"]
[Black "LECAT, Philippe"]
[Result "1-0"]
[WhiteElo "1577"]
[BlackElo "1399"]

1. e4 e6 2. f4 b6 3. Nf3 Bb7 4. Nc3 Nc6 5. a3 Bc5 6. d4 Be7 7. Ne5 Nxe5 8. fxe5
Bg5 9. Bxg5 Qxg5 10. Qf3 Nh6 11. h4 Qe7 12. O-O-O O-O-O 13. d5 d6 14. exd6 cxd6
15. Bc4 e5 16. g4 f6 17. Qe2 Kb8 18. Ba6 Rc8 19. Rd3 Bxa6 20. a4 Bxd3 21. Qxd3
Nxg4 22. Rg1 h5 23. Kd2 g5 24. a5 Qb7 25. a6 Qc7 26. Rg3 gxh4 27. Rf3 Rhf8 28.
Rf5 Qh7 29. Kc1 Qh6+ 30. Kb1 Ne3 31. Rf3 Nc4 32. Rf2 Ne3 33. Rf3 Ng2 34. Qf1
Ne3 35. Qh3 Nc4 36. Rd3 Nd2+ 37. Ka2 Qf4 38. Qe6 Rfd8 39. Nb5 Nc4 40. Qf7 Qxe4
41. Qxa7# 1-0

*